• 首页
  • 本馆介绍
  • 公告通知
  • 最新文献
  • 馆藏检索
  • 电子资源
  • 读者导购
  • 参考咨询
  • 我的图书馆
  • 登录
  • 详细信息显示
  • 放入我的书架
  • 预约/预借图书
  • 作者相关作品
  • 分类相关作品
  • 丛书相关作品
  • 出版社相关作品

书目信息

  • 表格格式
  • 工作单格式
  • 卡片格式
题名:
非线性波动方程
    
 
作者: 李大潜、周仪 著
分册:  
出版信息: 上海   上海科学技术出版社  2016
页数: 391页
开本: 26cm
丛书名:
单 册:
中图分类: O175.27
科图分类:
主题词: 数学分析
电子资源:
ISBN: 978-7-5478-2611-9
000 00586nam0 2200181 450
001 1734993170
005 20170405094313.18
010    @a978-7-5478-2611-9@d¥148.00
100    @a20170405d km y0chiy0120 ea
101 0  @achi
200 1  @a非线性波动方程@Afei xian xing bo dong fang cheng@f李大潜、周仪著@Fli da qian、zhou yi zhu
210    @a上海@c上海科学技术出版社@d2016
215    @a391页@d26cm
606 0  @a数学分析
690    @aO175.27@v4
701  0 @a李大潜、周仪@Ali da qian、zhou yi@4著
801  0 @aCN@b大连网信软件有限公司图书馆·11@c20170405
905    @b6705987@dO175.27@eS378@f1
    
    非线性波动方程/李大潜、周仪著.-上海:上海科学技术出版社,2016
    391页;26cm
    
    
    ISBN 978-7-5478-2611-9:¥148.00
    
●
相关链接 在E读中查询图书 在五车中查询图书 在当当中查询图书 在豆瓣中查询图书


正题名:非线性波动方程     索取号:O175.27/S378         预约/预借

序号 登录号 条形码 馆藏地/架位号 状态 备注
1 6705987   267059871   数信系资料室/ [索取号:O175.27/S378] 在馆    
唐山师范学院图书馆 欢迎您!
大连网信软件有限公司© 版权所有